The 15 biggest municipalities in Finland by land area - Statistics

General Stats
  • This quiz has been taken 23 times
  • The average score is 9 of 15
Answer Stats
Land area km² Municipality % Correct
8 016,62 km² Rovaniemi
90%
12 415,32 km² Sodankylä
76%
17 333,62 km² Inari
67%
8 263,15 km² Kittilä
67%
5 808,98 km² Kuusamo
67%
8 391,31 km² Enontekiö
62%
4 326,35 km² Kuopio
62%
5 867,36 km² Pudasjärvi
57%
5 372,00 km² Utsjoki
57%
6 496,57 km² Savukoski
52%
3 931,15 km² Kemijärvi
48%
5 872,41 km² Salla
48%
5 456,87 km² Kuhmo
43%
5 857,59 km² Suomussalmi
43%
4 067,70 km² Lieksa
38%
No matching quizzes found
Score Distribution
Percent of People with Each Score
Percentile by Number Answered
Your Score History
You have not taken this quiz